LEADER 01152nam0-22003371i-450- 001 990000814630403321 005 20001010 010 $a88-387-1736-2 035 $a000081463 035 $aFED01000081463 035 $a(Aleph)000081463FED01 035 $a000081463 100 $a20001010d--------km-y0itay50------ba 101 0 $aita 105 $ay-------001yy 200 1 $aProve sui materiali da costruine per nuove opere e per verifiche di sicurezza su strutture esistenti$evademecum perprogettisti, direttori dei lavori, collaudatori$fMauro Case, Giorgio Clai 210 $aRimini$cMaggioli$d[2000] 215 $a234 p.$cill.$d24 cm 225 1 $aProgettazione: tecniche & materiali$v255 610 0 $aMATERIALI DA COSTRUZIONE$aprove 610 0 $aSICUREZZA$astrutture 700 1$aCase,$bMauro$0339447 702 1$aClai,$bGiorgio 801 0$aIT$bUNINA$gRICA$2UNIMARC 901 $aBK 912 $a990000814630403321 952 $aTECN B 1402$b11340$fFARBC 959 $aFARBC 996 $aProve sui materiali da costruine per nuove opere e per verifiche di sicurezza su strutture esistenti$9347406 997 $aUNINA DB $aING01 LEADER 02370oam 2200553I 450 001 9910707261203321 005 20160610145105.0 035 $a(CKB)5470000002462895 035 $a(OCoLC)891382706 035 $a(EXLCZ)995470000002462895 100 $a20140926d1969 ua 0 101 0 $aeng 135 $aurmn||||||||| 181 $ctxt$2rdacontent 182 $cc$2rdamedia 183 $acr$2rdacarrier 200 10$aMineral resources of the Blue Range primitive area, Greenlee County, Arizona, and Catron County, New Mexico $ean evaluation of the mineral potential of the area /$fby James C. Ratte? [and three others] ; with a section on Aeromagnetic interpretation by Gordon P. Eaton 210 1$a[Washington, D.C.] :$cUnited States Department of the Interior, Geological Survey,$d1969. 210 2$aWashington :$cUnited States Government Printing Office. 215 $a1 online resource (vi, 91 pages, 2 pages of plates) $cillustrations, color maps 225 1 $aGeological Survey bulletin ;$v1261-E 225 1 $aStudies related to wilderness-primitive areas 300 $aTitle from title screen (viewed September 15, 2014). 320 $aIncludes bibliographical references (pages 47-49). 517 $aMineral resources of the Blue Range primitive area, Greenlee County, Arizona, and Catron County, New Mexico 606 $aGeology$zArizona$zGreenlee County 606 $aGeology$zNew Mexico$zCatron County 606 $aMines and mineral resources$zArizona$zGreenlee County 606 $aMines and mineral resources$zNew Mexico$zCatron County 606 $aWilderness areas$zArizona$zGreenlee County 606 $aWilderness areas$zNew Mexico$zCatron County 615 0$aGeology 615 0$aGeology 615 0$aMines and mineral resources 615 0$aMines and mineral resources 615 0$aWilderness areas 615 0$aWilderness areas 700 $aRatte?$b James Clifford$f1925-$01389957 702 $aLandis$b Edwin R$g(Edwin Robert),$f1926- 702 $aEaton$b Gordon P. 712 02$aGeological Survey (U.S.), 801 0$bCOP 801 1$bCOP 801 2$bOCLCO 801 2$bGPO 906 $aBOOK 912 $a9910707261203321 996 $aMineral resources of the Blue Range primitive area, Greenlee County, Arizona, and Catron County, New Mexico$93526216 997 $aUNINA LEADER 03745nam 2200805 a 450 001 9910960389103321 005 20260106211138.0 010 $a1-280-12880-1 010 $a9786613532688 010 $a0-8261-0828-8 035 $a(CKB)2550000000088964 035 $a(EBL)863083 035 $a(OCoLC)778067475 035 $a(SSID)ssj0000612425 035 $a(PQKBManifestationID)11388676 035 $a(PQKBTitleCode)TC0000612425 035 $a(PQKBWorkID)10571177 035 $a(PQKB)10728014 035 $a(MiAaPQ)EBC863083 035 $a(Au-PeEL)EBL863083 035 $a(CaPaEBR)ebr10532066 035 $a(CaONFJC)MIL353268 035 $a(EXLCZ)992550000000088964 100 $a20110831d2012 uy 0 101 0 $aeng 135 $aur|n|---||||| 181 $ctxt 182 $cc 183 $acr 200 10$aNurses' guide to teaching diabetes self-management /$fRita Girouard Mertig 205 $a2nd ed. 210 $aNew York $cSpringer Pub.$dc2012 215 $a1 online resource (xvii, 308 pages) 300 $aDescription based upon print version of record. 311 08$a0-8261-0827-X 311 08$aPrint version: Mertig, Rita G. Nurses' guide to teaching diabetes self-management. 2nd ed. New York : Springer Pub., ©2012 9780826108272 (DLC) 2011036750 (OCoLC)750986079 320 $aIncludes bibliographical references and index. 327 $aDiabetes : the basics -- Treatment : medical nutrition management -- Treatment : physical activity -- Treatment : medication -- Glycemic control -- Chronic complications -- The healthcare professional as teacher -- Teaching and motivating families with young children / by Kearsten Adams -- Teaching and motivating adolescents and their parents / by Bev Baliko -- Teaching and motivating adults -- Teaching and motivating clients with psychiatric/mental health issues / by Bev Baliko -- Client noncompliance. 330 $aThis is an optimistic and empowering approach to the daunting task of teaching diabetes patients to care for themselves. Written by a highly respected diabetes educator who has suffered with diabetes for 25 years, the guide provides the clinical and personal expertise that will help nurses and other health professionals to successfully teach diabetes self-management and compliance to adults, children, adolescents, and parents. The book contains a vast reservoir of information ranging from a thorough overview of diabetes and the physical and emotional toll of living with the disease to number o 517 3 $aTeaching diabetes self-management 606 $aDiabetes$xNursing 606 $aPatient education 606 $aSelf-care, Health 606 $aNurse and patient 606 $aDiabetes Mellitus$xtherapy$3(DNLM)D003920Q000628 606 $aPatient Education as Topic$3(DNLM)D010353 606 $aDiabetes Mellitus$xpsychology$3(DNLM)D003920Q000523 606 $aNurse-Patient Relations$3(DNLM)D009723 606 $aSelf Care$xpsychology$3(DNLM)D012648Q000523 606 $aSelf Care$3(DNLM)D012648 615 0$aDiabetes$xNursing. 615 0$aPatient education. 615 0$aSelf-care, Health. 615 0$aNurse and patient. 615 12$aDiabetes Mellitus$xtherapy. 615 12$aPatient Education as Topic. 615 22$aDiabetes Mellitus$xpsychology. 615 22$aNurse-Patient Relations. 615 22$aSelf Care$xpsychology. 615 2$aSelf Care. 676 $a616.4/620231 676 $a616.4620231 700 $aMertig$b Rita G.$01885755 801 0$bMiAaPQ 801 1$bMiAaPQ 801 2$bMiAaPQ 906 $aBOOK 912 $a9910960389103321 996 $aNurses' guide to teaching diabetes self-management$94521107 997 $aUNINA